000 00596nam a22002177a 4500
003 UA-OsUOA
001 121051
007 ta
008 20170306b un ||||| |||| 00| 0 ukr d
100 _aЛевчик Н.
090 _a82
_bЛ38
942 _cSA
040 _aUA-OsUOA
_bukr
_cUA-OsUOA
_dUA-OsUOA
245 _aПоезія Михайла Старицького: дискурс образної символіки
300 _aС.81-98
955 _a0
041 _aukr
080 _a82
773 0 _w121048
650 7 _a82 Література. Літературознавство
_2UDC
999 _c407482
_d407482